CLARK'S POCKET HB. FOR RADIOGRAPHERS (Record no. 33435)

MARC details
000 -LEADER
fixed length control field 00356nam a22001577a 4500
003 - CONTROL NUMBER IDENTIFIER
control field SGT
020 ## - INTERNATIONAL STANDARD BOOK NUMBER
International Standard Book Number 9781032890630
082 ## - DEWEY DECIMAL CLASSIFICATION NUMBER
Classification number 616.0757
Item number C24W
100 ## - MAIN ENTRY--PERSONAL NAME
Personal name WHITLEY A. STEWART
245 ## - TITLE STATEMENT
Title CLARK'S POCKET HB. FOR RADIOGRAPHERS
250 ## - EDITION STATEMENT
Edition statement 3RD
260 ## - PUBLICATION, DISTRIBUTION, ETC. (IMPRINT)
Place of publication, distribution, etc INDIA
Name of publisher, distributor, etc CRC PRESS PUB
Year of Publication 2024
300 ## - PAGE DESCRIPTION
No. of Pages 276
650 ## - SUBJECT ADDED ENTRY--TOPICAL TERM
Topical term or geographic name as entry element RADIOLOGY
942 ## - ADDED ENTRY ELEMENTS (KOHA)
Source of classification or shelving scheme Dewey Decimal Classification
Koha item type Books
Holdings
Withdrawn status Lost status Source of classification or shelving scheme Damaged status Not for loan Collection code Home library Current library Shelving location Date acquired Vendor Name Cost, normal purchase price SGTU Bill Number Full call number Accession No. (Barcode) Date last seen Bill Date Koha item type Total Checkouts Checked out Date last borrowed
    Dewey Decimal Classification   Not For Loan MEDICAL SGT Medical Library SGT Medical Library Reference Book 29/11/2025 ABC DELHI 995.00 SGTU 22053 616.0757 C24W FM15901 22/01/2026 29/11/2025 Books      
    Dewey Decimal Classification     MEDICAL SGT Medical Library SGT Medical Library Text Book 29/11/2025 ABC DELHI 995.00 SGTU 22053 616.0757 C24W FM15902 28/05/2026 29/11/2025 Books 7 11/06/2026 28/05/2026
    Dewey Decimal Classification     MEDICAL SGT Medical Library SGT Medical Library Text Book 29/11/2025 ABC DELHI 995.00 SGTU 22053 616.0757 C24W FM15903 08/05/2026 29/11/2025 Books 5   08/05/2026
    Dewey Decimal Classification     MEDICAL SGT Medical Library SGT Medical Library Text Book 29/11/2025 ABC DELHI 995.00 SGTU 22053 616.0757 C24W FM15904 19/05/2026 29/11/2025 Books 7   11/05/2026
    Dewey Decimal Classification     MEDICAL SGT Medical Library SGT Medical Library Text Book 29/11/2025 ABC DELHI 995.00 SGTU 22053 616.0757 C24W FM15905 21/05/2026 29/11/2025 Books 5   18/05/2026